L'Enfant / (Record no. 80188)
[ view plain ]
| 000 -LEADER | |
|---|---|
| fixed length control field | 00634cam5a220020500 4500 |
| 001 - CONTROL NUMBER | |
| control field | qcf00008273 |
| 005 - DATE AND TIME OF LATEST TRANSACTION | |
| control field | 20190816085206.0 |
| 008 - FIXED-LENGTH DATA ELEMENTS--GENERAL INFORMATION | |
| fixed length control field | 741007s1968 fr 000 1 fre u |
| 035 ## - SYSTEM CONTROL NUMBER | |
| System control number | (Sirsi) r123786 |
| 035 ## - SYSTEM CONTROL NUMBER | |
| System control number | (QCAT)lss00661737 |
| 035 ## - SYSTEM CONTROL NUMBER | |
| System control number | (UPRA)qcf00008273 |
| 040 ## - CATALOGING SOURCE | |
| Modifying agency | UPRA |
| 100 1# - MAIN ENTRY--PERSONAL NAME | |
| Personal name | Valles, Jules, 1832-1885. |
| Dates associated with a name | Valles, Jules, 1832-1885. |
| Linkage | A44244.1 |
| 245 12 - TITLE STATEMENT | |
| Title | L'Enfant / |
| Statement of responsibility, etc. | Chronologie et introd. par E. Carassus. |
| 260 ## - PUBLICATION, DISTRIBUTION, ETC. | |
| Place of publication, distribution, etc. | [Paris] : |
| Name of publisher, distributor, etc. | Garnier-Flammarion, |
| Date of publication, distribution, etc. | c1968] |
| 700 1# - ADDED ENTRY--PERSONAL NAME | |
| Personal name | Carassus, Emilien. |
| Linkage | A91175.1 |
| 740 0# - ADDED ENTRY--UNCONTROLLED RELATED/ANALYTICAL TITLE | |
| Uncontrolled related/analytical title | Enfant. |
| 949 ## - LOCAL PROCESSING INFORMATION (OCLC) | |
| a | PQ2458.V7 |
| w | lcc |
| i | -177960 |
| m | MAIN |
| t | BOOK |
| l | ON-SHELF |
No items available.